[Event "Tenerife-chT Primera"]
[Site "Tenerife"]
[Date "2023.05.13"]
[Round "13"]
[White "Cabrera Gomez, Tomas"]
[Black "Diaz Luiz, Pedro"]
[Result "0-1"]
[WhiteElo "1626"]
[BlackElo "1617"]
[PlyCount "46"]
[EventDate "2023.01.14"]
[EventType "team-tourn"]
[EventRounds "14"]
[EventCountry "ESP"]
[SourceTitle "EXT 2024"]
[Source "ChessBase"]
[SourceDate "2023.10.10"]
[SourceVersion "1"]
[SourceVersionDate "2023.10.10"]
[SourceQuality "1"]
[WhiteTeam "Ebano Barrio Nuevo II"]
[BlackTeam "Al Shah Mat Los Realejos II"]
[WhiteTeamCountry "ESP"]
[BlackTeamCountry "ESP"]

1. e4 e5 2. Nf3 Nc6 3. Bc4 Bc5 4. c3 d6 5. h3 Nf6 6. d3 a6 7. b4 Ba7 8. 0-0 b5 9. Bb3 Be6 10. Bxe6 fxe6 11. Qb3 Qe7 12. Bg5 0-0 13. Nbd2 Kh8 14. a4 h6 15. Bxf6 Qxf6 16. axb5 axb5 17. Ra2 Bb6 18. Nb1 Ne7 19. Na3 Ng6 20. Nxb5 Rxa2 21. Qxa2 Nf4 22. d4 Nxg2 23. Nh2 Nf4 0-1

[Event "Tenerife-ch Seniors"]
[Site "Santa Cruz de Tenerife"]
[Date "2022.03.23"]
[Round "4.5"]
[White "Febles Dominguez, Alfonso Jesus"]
[Black "Cabrera Gomez, Tomas"]
[Result "0-1"]
[WhiteElo "1282"]
[BlackElo "1630"]
[PlyCount "110"]
[EventDate "2022.03.16"]
[EventType "swiss"]
[EventRounds "7"]
[EventCountry "ESP"]
[SourceTitle "EXT 2024"]
[Source "ChessBase"]
[SourceDate "2023.10.10"]
[SourceVersion "1"]
[SourceVersionDate "2023.10.10"]
[SourceQuality "1"]

1. e4 c5 2. Nf3 d6 3. d4 cxd4 4. Nxd4 g6 5. Bc4 Bg7 6. 0-0 Nc6 7. Nxc6 bxc6 8. Nc3 Bd7 9. Re1 Nf6 10. h3 0-0 11. e5 dxe5 12. Rxe5 Nd5 13. Rg5 Nxc3 14. bxc3 Bxc3 15. Rb1 Bf6 16. Rg3 Bf5 17. Bd3 Be6 18. a3 Qc7 19. Qf3 Bh4 20. Bf4 Qc8 21. Bh6 Bxg3 22. Bxf8 Bxf2+ 23. Qxf2 Kxf8 24. Qd4 f6 25. Re1 Qd7 26. Qe3 Bf7 27. Qh6+ Kg8 28. Qe3 Re8 29. Rd1 Qb7 30. c4 Qb6 31. c5 Qb2 32. a4 Qb3 33. Ra1 Bc4 34. Bxc4+ Qxc4 35. Qc1 Qd4+ 36. Kh1 Rb8 37. Qa3 Rb4 38. a5 Rb5 39. Rc1 a6 40. Qa2+ Kg7 41. Kh2 Qe5+ 42. Kh1 Rxc5 43. Rxc5 Qxc5 44. Qe2 Qa7 45. Qb2 Qc7 46. Qb6 Qc8 47. Qc5 Kf7 48. Qc4+ e6 49. Qc5 g5 50. g4 Qd7 51. Kg2 Qd5+ 52. Qxd5 cxd5 53. Kf3 Ke7 54. Ke3 Kd6 55. Kd4 h6 0-1

[Event "Tenerife-ch Seniors"]
[Site "Santa Cruz de Tenerife"]
[Date "2022.03.18"]
[Round "2.5"]
[White "Rizoev, Rifat"]
[Black "Cabrera Gomez, Tomas"]
[Result "1-0"]
[WhiteElo "1696"]
[BlackElo "1630"]
[PlyCount "85"]
[EventDate "2022.03.16"]
[EventType "swiss"]
[EventRounds "7"]
[EventCountry "ESP"]
[SourceTitle "EXT 2024"]
[Source "ChessBase"]
[SourceDate "2023.10.10"]
[SourceVersion "1"]
[SourceVersionDate "2023.10.10"]
[SourceQuality "1"]

1. d4 Nf6 2. c4 b6 3. Bg5 Bb7 4. Nc3 e6 5. e3 Bb4 6. a3 Be7 7. Nf3 h6 8. Bf4 d6 9. Bd3 Nbd7 10. 0-0 Nh5 11. Bg3 Nxg3 12. hxg3 Nf6 13. e4 Nd7 14. Re1 c5 15. d5 e5 16. Nd2 g5 17. Nf1 Bc8 18. Ne3 Nb8 19. Be2 Kf8 20. Bg4 Na6 21. Bxc8 Rxc8 22. Qa4 Nc7 23. Qxa7 Ne8 24. Qa4 Ng7 25. b4 f6 26. Reb1 Kf7 27. Qb5 Rb8 28. bxc5 bxc5 29. Qxb8 Qxb8 30. Rxb8 Rxb8 31. a4 Ke8 32. a5 Kd7 33. Nb5 Kc8 34. Na7+ Kd7 35. Nc6 Ra8 36. Rb1 Bd8 37. a6 Bc7 38. a7 h5 39. f3 Kc8 40. Kf2 Kd7 41. Nf5 Nxf5 42. exf5 Kc8 43. Rh1 1-0

[Event "Tenerife-chT Tercera-A 1920"]
[Site "Tenerife"]
[Date "2019.12.14"]
[Round "2.1"]
[White "Cabrera Gomez, Tomas"]
[Black "Marconi Saltari, Carlos Alberto"]
[Result "1-0"]
[WhiteElo "1663"]
[BlackElo "1103"]
[PlyCount "101"]
[EventDate "2019.11.30"]
[EventType "team-tourn"]
[EventRounds "14"]
[EventCountry "ESP"]
[SourceTitle "CBM 195 Extra"]
[Source "ChessBase"]
[SourceDate "2020.05.31"]
[SourceVersion "1"]
[SourceVersionDate "2020.05.31"]
[SourceQuality "1"]
[WhiteTeam "Ies La Laboral"]
[BlackTeam "La Victoria 94 III"]
[WhiteTeamCountry "ESP"]
[BlackTeamCountry "ESP"]

1. e4 e5 2. Nf3 Nc6 3. Bc4 Nf6 4. Ng5 d5 5. exd5 h6 6. Nxf7 Kxf7 7. dxc6+ Kg6 8. Qf3 Qd4 9. d3 Bc5 10. c3 Bg4 11. cxd4 Bxf3 12. dxc5 Bxc6 13. Nc3 Kh7 14. f3 Rhe8 15. 0-0 Rab8 16. Nb5 Bxb5 17. Bxb5 c6 18. Bc4 Nd7 19. Be3 b6 20. b4 b5 21. Bb3 Nf6 22. Rfe1 Rbd8 23. Rad1 Nd5 24. Bxd5 Rxd5 25. Rd2 Red8 26. Red1 Ra8 27. f4 exf4 28. Bxf4 Rd4 29. Be5 Rxb4 30. d4 Rc4 31. Rf1 Kg8 32. Rf3 Rf8 33. Rxf8+ Kxf8 34. Rf2+ Kg8 35. g4 Rc1+ 36. Kg2 b4 37. Kf3 a5 38. Rb2 Rc3+ 39. Ke4 Rc4 40. Kd3 Rc1 41. Rc2 Rg1 42. Bg3 Rf1 43. Kc4 Rf3 44. d5 cxd5+ 45. Kxd5 Rd3+ 46. Kc4 Re3 47. c6 Re4+ 48. Kb5 Re3 49. c7 Rc3 50. Rxc3 bxc3 51. c8Q+ 1-0

[Event "Tenerife-chT Primera 1617"]
[Site "Tenerife"]
[Date "2017.03.11"]
[Round "8.4"]
[White "Cabrera Gomez, Tomas"]
[Black "Glaeser, Hartmut"]
[Result "1-0"]
[WhiteElo "1707"]
[BlackElo "1741"]
[PlyCount "93"]
[EventDate "2016.12.10"]
[EventType "team-tourn"]
[EventRounds "14"]
[EventCountry "ESP"]
[SourceTitle "EXT 2018"]
[Source "ChessBase"]
[SourceDate "2017.10.13"]
[SourceVersion "1"]
[SourceVersionDate "2017.10.13"]
[SourceQuality "1"]
[WhiteTeam "Universidad"]
[BlackTeam "La Victoria 94"]
[WhiteTeamCountry "ESP"]
[BlackTeamCountry "ESP"]

1. e4 c5 2. Nf3 Nc6 3. c3 d6 4. d4 cxd4 5. cxd4 Bg4 6. d5 Ne5 7. Bb5+ Bd7 8. Bxd7+ Nxd7 9. 0-0 Ngf6 10. Nc3 Nc5 11. Re1 g6 12. Rb1 Bg7 13. Bg5 0-0 14. h3 Nfd7 15. Nd4 h6 16. Be3 Ne5 17. f4 Nc4 18. Bc1 e5 19. Nf3 Qb6 20. Kh1 exf4 21. Bxf4 Rae8 22. Qc2 Nd7 23. Qe2 Nce5 24. Qc2 Nxf3 25. gxf3 Ne5 26. Kg2 a6 27. Be3 Qc7 28. Qb3 b5 29. Ne2 f5 30. Rbc1 Nc4 31. Nd4 Qd7 32. Ne6 Rf7 33. Rc2 Be5 34. Bxh6 fxe4 35. f4 Bf6 36. Rxe4 Qb7 37. Qg3 Rxe6 38. Qxg6+ Kh8 39. dxe6 Qxe4+ 40. Qxe4 Re7 41. b3 Nb6 42. f5 d5 43. Qg4 Bg7 44. Qg6 Bxh6 45. Qxh6+ Kg8 46. Rc6 Rb7 47. f6 1-0

[Event "Tenerife-ch"]
[Site "Santa Cruz de Tenerife"]
[Date "2016.04.20"]
[Round "9.14"]
[White "Cabrera Gomez, Tomas"]
[Black "Gonzalez Diaz, Eusebio"]
[Result "1-0"]
[WhiteElo "1702"]
[BlackElo "1299"]
[PlyCount "38"]
[EventDate "2016.04.01"]
[EventType "swiss"]
[EventRounds "9"]
[EventCountry "ESP"]
[SourceTitle "EXT 2024"]
[Source "ChessBase"]
[SourceDate "2023.10.10"]
[SourceVersion "1"]
[SourceVersionDate "2023.10.10"]
[SourceQuality "1"]

1. e4 e6 2. b3 d5 3. Bb2 d4 4. Nf3 Nc6 5. e5 Bc5 6. Bd3 Nge7 7. a3 a6 8. b4 Ba7 9. Qe2 Nd5 10. g3 b5 11. c3 Nde7 12. 0-0 Ng6 13. h4 Bb7 14. h5 Nge7 15. Be4 Nd5 16. Nxd4 a5 17. Qxb5 Rb8 18. Rc1 Qd7 19. Qa4 axb4 1-0

[Event "Tenerife-chT Primera 1516"]
[Site "Tenerife"]
[Date "2016.01.23"]
[Round "5.1"]
[White "Cabrera Gomez, Tomas"]
[Black "Martin Ortega, Oscar"]
[Result "0-1"]
[WhiteElo "1778"]
[BlackElo "1919"]
[PlyCount "52"]
[EventDate "2015.12.12"]
[EventType "team-tourn"]
[EventRounds "14"]
[EventCountry "ESP"]
[SourceTitle "CBM 170 Extra"]
[Source "ChessBase"]
[SourceDate "2016.02.25"]
[SourceVersion "1"]
[SourceVersionDate "2016.02.25"]
[SourceQuality "1"]
[WhiteTeam "Universidad II"]
[BlackTeam "La Victoria 94"]
[WhiteTeamCountry "ESP"]
[BlackTeamCountry "ESP"]

1. e4 c5 2. d4 cxd4 3. c3 d3 4. Bxd3 Nc6 5. c4 d6 6. Nc3 g6 7. h3 Bg7 8. Nf3 Nf6 9. 0-0 0-0 10. Qe2 Nd7 11. Be3 Nc5 12. Bb1 a5 13. Rd1 b6 14. Nb5 Bb7 15. Nfd4 Nxd4 16. Bxd4 Bxd4 17. Rxd4 Qd7 18. Qe3 Qc6 19. Bc2 Ne6 20. Rdd1 Qxc4 21. a4 Qc6 22. Rac1 Nc5 23. Re1 Ba6 24. Bd3 Qd7 25. Rc2 Rac8 26. Rc4 Nxa4 0-1

[Event "Tenerife-chT Preferente 1516"]
[Site "Tenerife"]
[Date "2016.01.09"]
[Round "3.4"]
[White "Kraus, Oliver"]
[Black "Cabrera Gomez, Tomas"]
[Result "1-0"]
[WhiteElo "1985"]
[BlackElo "1778"]
[PlyCount "39"]
[EventDate "2015.12.12"]
[EventType "team-tourn"]
[EventRounds "14"]
[EventCountry "ESP"]
[SourceTitle "CBM 170 Extra"]
[Source "ChessBase"]
[SourceDate "2016.02.25"]
[SourceVersion "1"]
[SourceVersionDate "2016.02.25"]
[SourceQuality "1"]
[WhiteTeam "Rey Ahogado"]
[BlackTeam "Universidad"]
[WhiteTeamCountry "ESP"]
[BlackTeamCountry "ESP"]

1. e4 e5 2. Nf3 Nc6 3. Bc4 Bc5 4. 0-0 d6 5. c3 Bg4 6. h3 Bh5 7. d3 h6 8. Bb3 Nf6 9. Nbd2 0-0 10. Re1 a6 11. Nf1 Qd7 12. Ng3 Bg6 13. Nh4 Bh7 14. Qf3 Qe7 15. Ngf5 Qd8 16. Qg3 Nh5 17. Qg4 Kh8 18. Qxh5 g6 19. Qxh6 gxf5 20. Nxf5 1-0

[Event "Santa Cruz de Tenerife op 26th"]
[Site "Santa Cruz de Tenerife"]
[Date "2015.12.15"]
[Round "1"]
[White "Cabrera Gomez, Tomas"]
[Black "Dos Reis Cabrera, Jose Manuel"]
[Result "1-0"]
[WhiteElo "1778"]
[BlackElo "1231"]
[PlyCount "39"]
[EventDate "2015.12.15"]
[EventType "swiss"]
[EventRounds "9"]
[EventCountry "ESP"]
[SourceTitle "CBM 170 Extra"]
[Source "ChessBase"]
[SourceDate "2016.02.25"]
[SourceVersion "1"]
[SourceVersionDate "2016.02.25"]
[SourceQuality "1"]

1. e4 e5 2. Nf3 Nc6 3. Bc4 Be7 4. d4 exd4 5. c3 Nf6 6. e5 Ng4 7. cxd4 d5 8. Bb5 0-0 9. h3 Bb4+ 10. Nc3 Nh6 11. Bxh6 gxh6 12. 0-0 Ne7 13. Qc1 Nf5 14. Bd3 Kg7 15. Qc2 Qd7 16. Bxf5 Qxf5 17. Qxf5 Bxf5 18. Nxd5 Ba5 19. b4 c6 20. Ne3 1-0

[Event "Tenerife Autumn op"]
[Site "Tenerife"]
[Date "2015.10.14"]
[Round "1"]
[White "Cabrera Gomez, Tomas"]
[Black "Montilla Bejarano, Carmen"]
[Result "1-0"]
[WhiteElo "1774"]
[BlackElo "1066"]
[PlyCount "75"]
[EventDate "2015.10.14"]
[EventType "swiss"]
[EventRounds "9"]
[EventCountry "ESP"]
[SourceTitle "CBM 169 Extra"]
[Source "ChessBase"]
[SourceDate "2015.12.18"]
[SourceVersion "1"]
[SourceVersionDate "2015.12.18"]
[SourceQuality "1"]

1. e4 e5 2. Nf3 Nc6 3. Bb5 Nge7 4. 0-0 Ng6 5. d4 Qf6 6. Bg5 Qd6 7. d5 Nce7 8. a3 Qc5 9. Nc3 a6 10. Ba4 b5 11. Bb3 f5 12. Bxe7 Nxe7 13. exf5 Nxf5 14. Nxe5 Ne7 15. Qf3 Bb7 16. Qf7+ Kd8 17. Rad1 Kc8 18. d6 cxd6 19. Qe8+ Kc7 20. Qxd7+ Kb8 21. Nf7 Bc6 22. Qd8+ Ka7 23. Qc7+ Bb7 24. Qxc5+ dxc5 25. Nxh8 Nc6 26. Nf7 Nd4 27. Rd2 Kb6 28. Bd5 Re8 29. Bxb7 Kxb7 30. Ng5 h5 31. Nce4 Be7 32. c3 Nf5 33. Rfd1 Kb6 34. Rd5 g6 35. Ne6 Bf8 36. Nxf8 Rxf8 37. Nxc5 h4 38. Nd7+ 1-0

[Event "Tenerife-chT Segunda"]
[Site "Tenerife"]
[Date "2015.04.18"]
[Round "9.1"]
[White "Diaz Reyes, Franklin"]
[Black "Cabrera Gomez, Tomas"]
[Result "0-1"]
[WhiteElo "1300"]
[BlackElo "1754"]
[PlyCount "66"]
[EventDate "2015.01.24"]
[EventType "swiss"]
[EventRounds "13"]
[EventCountry "ESP"]
[SourceTitle "EXT 2024"]
[Source "ChessBase"]
[SourceDate "2023.10.10"]
[SourceVersion "1"]
[SourceVersionDate "2023.10.10"]
[SourceQuality "1"]
[WhiteTeam "Achinet Gambito de Rey II"]
[BlackTeam "Universidad II"]
[WhiteTeamCountry "ESP"]
[BlackTeamCountry "ESP"]

1. e4 c5 2. Nf3 d6 3. d4 cxd4 4. Nxd4 a6 5. a4 Nf6 6. Nc3 Nc6 7. Be2 g6 8. 0-0 Bg7 9. Be3 0-0 10. Qd2 Ng4 11. Bxg4 Bxg4 12. f3 Bd7 13. Nb3 Nb4 14. Rac1 a5 15. Bh6 Nc6 16. Bxg7 Kxg7 17. Rfe1 f6 18. f4 Qb6+ 19. Qe3 Qxe3+ 20. Rxe3 Nb4 21. Ree1 Kf7 22. Kf2 Be6 23. Nd4 Bd7 24. b3 Rac8 25. Nce2 e5 26. c3 Nd3+ 27. Ke3 Nxe1 28. Rxe1 exd4+ 29. Nxd4 Rfe8 30. Kd3 Bc6 31. Nxc6 bxc6 32. c4 Rb8 33. Rb1 Ke6 0-1

[Event "Tenerife-chT Segunda"]
[Site "Tenerife"]
[Date "2015.01.31"]
[Round "2.2"]
[White "Cabrera Gomez, Tomas"]
[Black "Rodriguez Sabater, Lucia Iris"]
[Result "1-0"]
[WhiteElo "1754"]
[BlackElo "1361"]
[PlyCount "43"]
[EventDate "2015.01.24"]
[EventType "swiss"]
[EventRounds "13"]
[EventCountry "ESP"]
[SourceTitle "EXT 2024"]
[Source "ChessBase"]
[SourceDate "2023.10.10"]
[SourceVersion "1"]
[SourceVersionDate "2023.10.10"]
[SourceQuality "1"]
[WhiteTeam "Universidad II"]
[BlackTeam "El Sauzal Libreria Barco III"]
[WhiteTeamCountry "ESP"]
[BlackTeamCountry "ESP"]

1. e4 e5 2. Nf3 Nc6 3. Bc4 Bc5 4. c3 d6 5. h3 Na5 6. Be2 Bb6 7. d4 Nc6 8. Bg5 Nce7 9. dxe5 dxe5 10. Qxd8+ Kxd8 11. Bxe7+ Kxe7 12. Nxe5 Nf6 13. Nd2 Rd8 14. Nec4 Be6 15. Nxb6 axb6 16. a3 Ra4 17. f3 Nh5 18. 0-0-0 Ng3 19. Rhe1 c6 20. Nf1 Rxd1+ 21. Bxd1 Ra5 22. Nxg3 1-0

[Event "Santa Cruz de Tenerife op 25th"]
[Site "Santa Cruz de Tenerife"]
[Date "2014.12.22"]
[Round "6"]
[White "Cabrera Gomez, Tomas"]
[Black "Ramirez Alvarez, Roberto"]
[Result "1-0"]
[WhiteElo "1754"]
[BlackElo "2067"]
[PlyCount "57"]
[EventDate "2014.12.15"]
[EventType "swiss"]
[EventRounds "9"]
[EventCountry "ESP"]
[SourceTitle "CBM 164 Extra"]
[Source "ChessBase"]
[SourceDate "2015.03.02"]
[SourceVersion "1"]
[SourceVersionDate "2015.03.02"]
[SourceQuality "1"]

1. e4 c5 2. Nf3 Nc6 3. d4 cxd4 4. Nxd4 d6 5. Nc3 e6 6. Be3 Be7 7. Bc4 Nf6 8. Bb3 0-0 9. f3 a6 10. Qd2 Na5 11. g4 Qc7 12. 0-0-0 Nc4 13. Bxc4 Qxc4 14. Kb1 b5 15. h4 b4 16. Nce2 a5 17. h5 Ne8 18. g5 g6 19. Ng3 e5 20. Qh2 Ng7 21. hxg6 fxg6 22. Qxh7+ Kf7 23. Rh6 Rg8 24. Rxg6 exd4 25. Bxd4 Bf8 26. Nh5 Be6 27. b3 Qe2 28. Rc1 Rc8 29. Nxg7 1-0

[Event "Santa Cruz de Tenerife op 25th"]
[Site "Santa Cruz de Tenerife"]
[Date "2014.12.16"]
[Round "2"]
[White "Rodriguez Sabater, Lucia Iris"]
[Black "Cabrera Gomez, Tomas"]
[Result "0-1"]
[WhiteElo "1361"]
[BlackElo "1754"]
[PlyCount "74"]
[EventDate "2014.12.15"]
[EventType "swiss"]
[EventRounds "9"]
[EventCountry "ESP"]
[SourceTitle "CBM 164 Extra"]
[Source "ChessBase"]
[SourceDate "2015.03.02"]
[SourceVersion "1"]
[SourceVersionDate "2015.03.02"]
[SourceQuality "1"]

1. e4 c5 2. Nc3 Nc6 3. Nf3 a6 4. a4 d6 5. Be2 g6 6. 0-0 Bg7 7. Re1 e6 8. Bc4 Nge7 9. d3 0-0 10. Ne2 d5 11. exd5 exd5 12. Ba2 Bg4 13. Nc3 Ne5 14. Bf4 Nxf3+ 15. gxf3 Be6 16. Bg5 Qd7 17. h4 Nc6 18. Qd2 Nd4 19. Qd1 b6 20. Be3 Nf5 21. Bg5 h6 22. Bf4 Nxh4 23. Bg3 Nf5 24. Bh2 Rad8 25. Kh1 Rfe8 26. Rb1 Qc6 27. Be5 Nd4 28. Bxg7 Kxg7 29. b3 Qd6 30. Rg1 Qf4 31. Rg3 h5 32. Rg2 Nxf3 33. Rg3 Bg4 34. Qf1 Nd2 35. Qc1 Qxf2 36. Rg2 Bf3 37. Qg1 Qh4+ 0-1